000 00758nam a22002297a 4500
005 20100818111233.0
010 _aENG-100821
020 _c195.00
_a9788183333634
035 _aEN-84354
037 _bDBAD/PUB
082 _a005.74
100 _aBayross, Ivan
_914870
245 _aDatabase management system /
_cby Ivan Bayross
260 _aNew Delhi
_bBPB Publications
_c2010
270 _aB-14, Connaught Place
_bNew Delhi
_e110001
300 _aviii, 285 p.
_c24cm (Pbk)
500 _aIncludes index
650 _arelational database
_914871
700 _94162
942 _2ddc
_cEN
_h005.74
_mBAY
999 _c42433
_d42433